HBO Show by Cast Photo Quiz Stats

 Plays Quiz Updated Nov 24, 2014

Challenge
Share
Tweet
Score 0/14 Timer 06:00
4 Plays Today
% Correct
Game of Thrones
97.2%
Sex and the City
94.2%
The Sopranos
92.5%
Boardwalk Empire
84.2%
Entourage
79.9%
Veep
73.9%
The Wire
68%
% Correct
Girls
67.2%
True Detective
67%
Six Feet Under
55.8%
Deadwood
55%
Big Love
47.7%
Silicon Valley
41.3%
The Larry Sanders Show
32.8%

You're not logged in!

Compare scores with friends on all Sporcle quizzes.
Join for Free
OR
Log In

You Might Also Like...

Show Comments

Extras

Top Quizzes Today


Score Distribution

Your Account Isn't Verified!

In order to create a playlist on Sporcle, you need to verify the email address you used during registration. Go to your Sporcle Settings to finish the process.

Report this User

Report this user for behavior that violates our Community Guidelines.

Details: